| 000 | 00870cam a22002774a 4500 | ||
|---|---|---|---|
| 001 | 49238430 | ||
| 003 | OCoLC | ||
| 005 | 20150408113725.0 | ||
| 008 | 011221s2003 caua b 001 0 eng | ||
| 010 | _a2001099789 | ||
| 015 | _aGBA2-Y3280 | ||
| 020 | _a1558605967 (cloth alk. paper) | ||
| 020 | _a1558607242 (paper) | ||
| 040 |
_aDLC _cDLC _dUKM _dIQU |
||
| 042 | _apcc00 | ||
| 050 |
_aQA76.9.A73 _bP377 200300 |
||
| 082 |
_a004.22 _2211 |
||
| 100 |
_aHennessy, John L.10 _95438 |
||
| 245 |
_aComputer architecture _ba quantitative approach / _cJohn L. Hennessy, David A. Patterson, with contributions by David Goldberg, Krste Asanovic. _a. |
||
| 260 |
_bMorgan Kaufmann Publishers, _cc2003. _a1 |
||
| 300 |
_bill. ; _c25 cm. _aOn t |
||
| 505 | _a | ||
| 650 | _aComputer architecture | ||
| 700 |
_aPatterson, David A _95439 |
||
| 942 |
_2ddc _cBOOK |
||
| 999 |
_c1015 _d235515 |
||